| 000 | 00479cam a2200193ua 4500 | ||
|---|---|---|---|
| 020 | _cRs 1.75 | ||
| 041 |
_amal _h |
||
| 082 |
_a894.8121 _bPAR/KA |
||
| 100 | _aParameswara Aiyer, Ullur . | ||
| 245 |
_aKarna Bhooshanam / _cUlloor Parameswarayyer. _hTextual Documents |
||
| 250 |
_a1 / _b. |
||
| 260 |
_aUllur : _bUllur Publishers , _c1972. |
||
| 300 | _a66 ; . | ||
| 365 | _aRs 1.75 | ||
| 504 | _a | ||
| 942 | _cBK | ||
| 999 |
_c4028 _d4028 |
||